Дождь : (Record no. 454492)
[ view plain ]
| 000 -LEADER | |
|---|---|
| fixed length control field | 00769nam a2200205 a 4500 |
| 001 - CONTROL NUMBER | |
| control field | 000729250 |
| 003 - CONTROL NUMBER IDENTIFIER | |
| control field | AM-YEHGA |
| 005 - DATE AND TIME OF LATEST TRANSACTION | |
| control field | 20250618075332.0 |
| 008 - FIXED-LENGTH DATA ELEMENTS--GENERAL INFORMATION | |
| fixed length control field | 100419s1961 |||| |||||||||||||rus d |
| 040 ## - CATALOGING SOURCE | |
| Original cataloging agency | AM-YeHGA |
| 041 1# - LANGUAGE CODE | |
| Language code of text/sound track or separate title | rus |
| Language code of original | eng |
| 090 ## - LOCALLY ASSIGNED LC-TYPE CALL NUMBER (OCLC); LOCAL CALL NUMBER (RLIN) | |
| -- | 457483 |
| 100 1# - MAIN ENTRY--PERSONAL NAME | |
| Personal name | Մոեմ, Սոմերսեթ, |
| Dates associated with a name | 1874-1965 |
| 9 (RLIN) | 8655 |
| 245 10 - TITLE STATEMENT | |
| Title | Дождь : |
| Remainder of title | Рассказы: Пер. с англ. / |
| Statement of responsibility, etc. | С. Моэм; Сост. М.Ф. Лорие; Предисл. Дж. Олдридж. |
| 260 ## - PUBLICATION, DISTRIBUTION, ETC. | |
| Place of publication, distribution, etc. | Москва : |
| Name of publisher, distributor, etc. | Изд. иностранной литературы, |
| Date of publication, distribution, etc. | 1961. |
| 300 ## - PHYSICAL DESCRIPTION | |
| Extent | 432 с. ; |
| Dimensions | 20 см. |
| 650 14 - SUBJECT ADDED ENTRY--TOPICAL TERM | |
| Topical term or geographic name entry element | Английские рассказы |
| 700 1# - ADDED ENTRY--PERSONAL NAME | |
| Personal name | Олдридж, Джеймс |
| Relator term | предисл. |
| Relationship | aui |
| 700 1# - ADDED ENTRY--PERSONAL NAME | |
| Personal name | Лорие, М.Ф. |
| Relator term | сост. |
| Relationship | com |
| Withdrawn status | Lost status | Damaged status | Not for loan | Collection | Home library | Current library | Date acquired | Total checkouts | Full call number | Barcode | Date last seen | Price effective from | Koha item type | Public note |
|---|---|---|---|---|---|---|---|---|---|---|---|---|---|---|
| General | Fundamental Scientific Library | Fundamental Scientific Library | 02/12/2020 | РII/41090 | FL0630200 | 02/12/2020 | 02/12/2020 | Գրքեր / Books | 30 Days Loan | |||||
| General | Fundamental Scientific Library | Fundamental Scientific Library | 02/12/2020 | РII/41092 | FL0630201 | 02/12/2020 | 02/12/2020 | Գրքեր / Books | 30 Days Loan | |||||
| Gagik Sargsyan Individual Collection | Fundamental Scientific Library | Fundamental Scientific Library | 21/01/2022 | ГСарг/663 | FL0664256 | 21/01/2022 | 21/01/2022 | Գրքեր / Books | ILL Non-Circ. |
ՀՀ Գիտությունների ազգային ակադեմիայի հիմնարար գիտական գրադարան = Fundamental Scientific Library of NAS RA
All site content, except where otherwise noted, is licensed under a